000 00464nam a2200133Ia 4500
008 150610s9999 xx 000 0 und d
020 _a9780451526341
050 _aPR6029
_b.R8 .Or9a 1996  
100 _aOrwell, George, 1903-1950
245 _aAnimal farm :
_ba fairy story /
_cby George Orwell ; preface by Russell Baker ; introduction by C.M. Woodhouse.
260 _aNew York :
_bSignet Classic,
_c1996.
300 _a140pages ;
_c18 cm.
520 _aFiction.
999 _c288074
_d288074